Gestion mentale et pensee mathematique

Αποθηκεύτηκε σε:
Λεπτομέρειες βιβλιογραφικής εγγραφής
Κύριος συγγραφέας: Taurisson, Alain
Μορφή: Βιβλίο
Γλώσσα:French
Δημοσίευση: Paris : Bayard, 1993
Θέματα:
Ετικέτες: Προσθήκη ετικέτας
Δεν υπάρχουν, Καταχωρήστε ετικέτα πρώτοι!

MARC

LEADER 00000nam a2200000 i 4500
001 1/81252
008 980216s1993 fre d
020 |a 2-227-12531-4 
035 |a 1997  |b 3  |c Αγορά/Καλαβάσης  |l 10033647 
040 |a GR-MY-UA  |b gre  |e aacr 
041 0 |a fre 
082 0 |a 510.71 
100 1 |a Taurisson, Alain. 
245 1 0 |a Gestion mentale et pensee mathematique /  |c Alain Taurisson ; preface Antoine de La Garanderie 
260 |a Paris :   |b Bayard,   |c 1993 
300 |a 378 p. 
650 0 0 |a Mathematics  |x Study and teaching. 
650 0 0 |a Learning ability. 
852 |a INST  |b RHODES  |e 19980216  |h 510.71 TAU  |p 005400011139  |q 005400011139  |t BK  |y 0 
901 |a BIBL-1998-1 
909 |a Ρ  |b 052370  |c 1997